Lectures on analytic differential equations

Αποθηκεύτηκε σε:
Λεπτομέρειες βιβλιογραφικής εγγραφής
Κύριος συγγραφέας: Ilyashenko, Yu. S.
Άλλοι συγγραφείς: Yakovenko, S.
Μορφή: Βιβλίο
Γλώσσα:English
Δημοσίευση: Providence, R.I. : American Mathematical Society, c2008
Σειρά:Graduate studies in mathematics ; ; 86
Θέματα:
Ετικέτες: Προσθήκη ετικέτας
Δεν υπάρχουν, Καταχωρήστε ετικέτα πρώτοι!

MARC

LEADER 00000nam a2200000 i 4500
001 1/100657
008 090204s2008 eng d
020 |a 978-0-8218-3667-5 
035 |l 10102940 
040 |a GR-MY-UA  |b gre  |e aacr 
041 0 |a eng 
082 0 |a 515.355  |2 (22) 
100 1 |a Ilyashenko, Yu. S. 
245 1 0 |a Lectures on analytic differential equations /  |c Yulij Ilyashenko, Sergei Yakovenko 
260 |a Providence, R.I. :   |b American Mathematical Society,   |c c2008 
300 |a xiii, 625 σ.;  |b εικ.;  |c 27 εκ. 
490 1 |a Graduate studies in mathematics  |v ; 86 
504 |a Περιέχει βιβλιογραφία (σ. 607-619) και ευρετήριο 
650 0 0 |a Differential equations, Nonlinear. 
650 0 0 |a Riemann-Hilbert problems. 
650 0 0 |a Analytic spaces. 
650 0 0 |a Dynamics. 
700 1 |a Yakovenko, S. 
830 0 |a Graduate studies in mathematics ;  |v ; 86 
852 |a INST  |b SAMOS  |e 20090204  |h 515.355 ILY  |p 005300029457  |q 005300029457  |t BK  |y 0 
901 |a BIBL3-2009-1 
909 |a Σ  |b 155512 
922 |a 3ΕΛΗ  |b 200808  |c ΕΠΕΑΕΚ2/ΤΜΗΜΑ ΜΑΘΗΜΑΤΙΚΩΝ-ΠΡΟΠΤΥΧΙΑΚΟ  |d ΜΙΧΑΛΟΠΟΥΛΟΣ 
970 |a ΣΙΤΖΙΜΗ  |b ΓΙΑΣΕΜΗ  |z 2009/02/04